| 000 | 02575cam a2200445 i 4500 | ||
|---|---|---|---|
| 999 |
_c331715 _d331715 |
||
| 001 | 18030958 | ||
| 003 | NUST | ||
| 005 | 20180117090032.0 | ||
| 008 | 140205s2014 nyua b 001 0 eng | ||
| 010 | _a 2014003703 | ||
| 020 | _a9781462515608 (hardback : acidfree paper) | ||
| 020 | _a1462515606 (hardback : acidfree paper) | ||
| 040 |
_aDLC _beng _cDLC _erda _dDLC |
||
| 042 | _apcc | ||
| 050 | 0 | 0 |
_aRC473.C37 _bM36 2014 |
| 082 | 0 | 0 |
_a616.89 KAT _223 |
| 084 |
_aPSY006000 _aMED105010 _aSOC025000 _aEDU006000 _2bisacsh |
||
| 100 | 1 |
_aManassis, Katharina, _eauthor. _95500 |
|
| 245 | 1 | 0 |
_aCase formulation with children and adolescents / _cKatharina Manassis. |
| 264 | 1 |
_aNew York ; _aLondon : _bThe Guilford Press, _c[2014] |
|
| 264 | 4 | _c©2014 | |
| 300 |
_axii, 244 pages : _billustrations ; _c24 cm |
||
| 336 |
_atext _2rdacontent |
||
| 337 |
_aunmediated _2rdamedia |
||
| 338 |
_avolume _2rdacarrier |
||
| 504 | _aIncludes bibliographical references (pages 229-235) and index. | ||
| 520 |
_a"Highly practical and accessible, this book shows how to synthesize complex information about child and adolescent mental health problems into clinically useful case formulations that complement diagnosis. Provided are strategies and tools for analyzing the biological, psychological, social, cultural, and developmental factors that may be contributing to a child's or adolescent's difficulties (ages 4-18). Numerous case examples illustrate the steps in crafting a comprehensive formulation and using it to plan effective, individualized treatment. Helpful reproducible forms can be downloaded and printed in a convenient 8 1/2" x 11" size"-- _cProvided by publisher. |
||
| 650 | 0 |
_aPsychiatry _xCase formulation. _95501 |
|
| 650 | 0 |
_aInterviewing in child psychiatry. _95502 |
|
| 650 | 0 |
_aInterviewing in adolescent psychiatry. _95503 |
|
| 650 | 0 |
_aChild psychiatry _xDifferential therapeutics. _95504 |
|
| 650 | 7 |
_aPSYCHOLOGY / Psychotherapy / Child & Adolescent. _2bisacsh _95505 |
|
| 650 | 7 |
_aMEDICAL / Psychiatry / Child & Adolescent. _2bisacsh _95506 |
|
| 650 | 7 |
_aSOCIAL SCIENCE / Social Work. _2bisacsh _95507 |
|
| 650 | 7 |
_aEDUCATION / Counseling / General. _2bisacsh _95508 |
|
| 906 |
_a7 _bcbc _corignew _d1 _eecip _f20 _gy-gencatlg |
||
| 942 |
_2ddc _cBK |
||